00407pab a2200133 454500008004000000100002100040245011500061260000900176300001300185362001000198650002100208650002400229773002000253180718b2010 xxu||||| |||| 00| 0 eng d aSingh, Kamaljeet aFinancial governance of Higher education in post economic reforms period: Policy shifts and emerging paradigms c2010 ap.19-24. a1 Nov aHigher education aEducational finance aUniversity News